Численный анализ влияния радиационного теплообмена на тепловые режимы и тепловые потери теплопроводов; Известия вузов. Проблемы энергетики; № 5-6

Bibliographische Detailangaben
Parent link:Известия вузов. Проблемы энергетики: научно-технический и производственный журнал/ Казанский государственный энергетический университет.— , 1999-
№ 5-6.— 2011.— [С. 12-20]
1. Verfasser: Кузнецов Г. В. Гений Владимирович
Weitere Verfasser: Половников В. Ю. Вячеслав Юрьевич
Zusammenfassung:Заглавие с экрана
Приведен численный анализ тепловых режимов теплопроводов на базе решения сопряженных задач теплопереноса в системе «подземный канальный однотрубный теплопровод - окружающая среда» с учетом радиационного теплообмена в полости канала. Показано, что учет конвективного движения воздуха и теплового излучения в полости канала позволяют проводить детальный анализ тепловых режимов систем транспортировки тепла.
The numerical analysis of thermal modes of heat conductors on the basis of the decision of the interfaced problems of heat transfer in system «an underground channel one - trumpet heat conductor - environment» taking into account radiating heat exchange in a channel cavity is carried out. It is shown that the account of convective movement of air and thermal radiation in a channel cavity allow to carry out the detailed analysis of thermal modes of systems of transportation of heat.
Режим доступа: по договору с организацией-держателем ресурса
Sprache:Russisch
Veröffentlicht: 2011
Schlagworte:
Online-Zugang:http://elibrary.ru/item.asp?id=16406254
Format: Elektronisch Buchkapitel
KOHA link:https://koha.lib.tpu.ru/cgi-bin/koha/opac-detail.pl?biblionumber=641290

MARC

LEADER 00000naa0a2200000 4500
001 641290
005 20250325132910.0
035 |a (RuTPU)RU\TPU\network\6190 
035 |a RU\TPU\network\6180 
090 |a 641290 
100 |a 20150515d2011 k||y0rusy50 ca 
101 0 |a rus 
102 |a RU 
135 |a drcn ---uucaa 
181 0 |a i  
182 0 |a b 
200 1 |a Численный анализ влияния радиационного теплообмена на тепловые режимы и тепловые потери теплопроводов  |d The numerical analysis of influence of radiating heat exchange on thermal modes and thermal loss of heat conductors  |f Г. В. Кузнецов, В. Ю. Половников 
203 |a Текст  |c электронный 
300 |a Заглавие с экрана 
320 |a [Библиогр.: с. 20 (15 назв.)] 
330 |a Приведен численный анализ тепловых режимов теплопроводов на базе решения сопряженных задач теплопереноса в системе «подземный канальный однотрубный теплопровод - окружающая среда» с учетом радиационного теплообмена в полости канала. Показано, что учет конвективного движения воздуха и теплового излучения в полости канала позволяют проводить детальный анализ тепловых режимов систем транспортировки тепла. 
330 |a The numerical analysis of thermal modes of heat conductors on the basis of the decision of the interfaced problems of heat transfer in system «an underground channel one - trumpet heat conductor - environment» taking into account radiating heat exchange in a channel cavity is carried out. It is shown that the account of convective movement of air and thermal radiation in a channel cavity allow to carry out the detailed analysis of thermal modes of systems of transportation of heat. 
333 |a Режим доступа: по договору с организацией-держателем ресурса 
461 |t Известия вузов. Проблемы энергетики  |o научно-технический и производственный журнал  |f Казанский государственный энергетический университет  |d 1999- 
463 |t № 5-6  |v [С. 12-20]  |d 2011 
510 1 |a The numerical analysis of influence of radiating heat exchange on thermal modes and thermal loss of heat conductors  |z eng 
610 1 |a труды учёных ТПУ 
610 1 |a электронный ресурс 
610 1 |a тепловые сети 
610 1 |a теплопроводы 
610 1 |a тепловые потери 
610 1 |a математическое моделирование 
610 1 |a трубопроводы 
610 1 |a mathematical modeling 
610 1 |a thermal loss 
610 1 |a heat radiation 
700 1 |a Кузнецов  |b Г. В.  |c специалист в области теплоэнергетики  |c профессор Томского политехнического университета, доктор физико-математических наук  |f 1949-  |g Гений Владимирович  |3 (RuTPU)RU\TPU\pers\25528  |9 11458 
701 1 |a Половников  |b В. Ю.  |c специалист в области теплотехники  |c доцент Томского политехнического университета, доктор технических наук  |f 1980-  |g Вячеслав Юрьевич  |3 (RuTPU)RU\TPU\pers\25532  |9 11462 
801 2 |a RU  |b 63413507  |c 20150515  |g RCR 
856 4 0 |u http://elibrary.ru/item.asp?id=16406254 
942 |c CF